1M+ cities of the world by letter - L - Statistics

General Stats
  • This quiz has been taken 2,876 times
    554 since last reset
  • The average score is 18 of 34
Answer Stats
Country Population City % Correct
United Kingdom 15.40 mil London
100%
Nigeria 21.90 mil Lagos
99%
Peru 12.20 mil Lima
99%
United States 17.40 mil Los Angeles
98%
Portugal 2.65 mil Lisbon
96%
Pakistan 15.00 mil Lahore
93%
China 1.31 mil Lu'an
92%
Angola 10.40 mil Luanda
92%
France 2.05 mil Lyon
91%
United Kingdom 2.25 mil Leeds
87%
Bolivia 1.89 mil La Paz
86%
France 1.32 mil Lille
77%
Zambia 3.10 mil Lusaka
77%
United States 2.47 mil Las Vegas
76%
Togo 2.72 mil Lomé
76%
Malawi 1.25 mil Lilongwe
72%
Germany 1.07 mil Leipzig
69%
India 4.32 mil Lucknow
57%
D.R. of Congo 2.97 mil Lubumbashi
50%
United States 1.04 mil Louisville
41%
Mexico 2.35 mil León
40%
China 3.65 mil Lanzhou
36%
China 4.72 mil Linyi
24%
China 3.82 mil Luoyang
23%
China 1.36 mil Luzhou
22%
China 2.57 mil Liuzhou
13%
India 2.17 mil Ludhiana
12%
Brazil 1.05 mil Londrina
8%
China 1.03 mil Linfen
6%
China 1.06 mil Liuyang
6%
China 1.10 mil Langfang
5%
China 1.17 mil Lianyungang
5%
China 1.25 mil Liaocheng
3%
China 1.04 mil Liupanshui
2%
No matching quizzes found
Score Distribution
Percent of People with Each Score
Percentile by Number Answered
Your Score History
You have not taken this quiz since the last reset